Catálogo público

Elementary statistics : a step by step approach : a brief version / (Record no. 170140)

MARC details
000 -CABECERA
campo de control de longitud fija 00814nam a2200277Ia 4500
001 - NÚMERO DE CONTROL
campo de control Z_6866
003 - IDENTIFICADOR DEL NÚMERO DE CONTROL
campo de control CHAP
008 - DATOS DE LONGITUD FIJA--INFORMACIÓN GENERAL
campo de control de longitud fija 220113s9999 xx 000 0 und d
010 ## - NÚMERO DE CONTROL DE LA BIBLIOTECA DEL CONGRESO
Número de control de LC 170140
020 ## - NÚMERO INTERNACIONAL ESTÁNDAR DEL LIBRO
Número Internacional Estándar del Libro 978-0-07-353498-5 \ 0-07-353498-6 (papel alcalino)
040 ## - FUENTE DE LA CATALOGACIÓN
Centro/agencia transcriptor CHAP
082 ## - NÚMERO DE LA CLASIFICACIÓN DECIMAL DEWEY
Número de clasificación 519.5 B58
100 ## - ENTRADA PRINCIPAL--NOMBRE DE PERSONA
Nombre de persona Bluman, Allan G.
9 (RLIN) 146192
245 ## - MENCIÓN DE TÍTULO
Título Elementary statistics : a step by step approach : a brief version /
Mención de responsabilidad, etc. Allan G. Bluman
250 ## - MENCIÓN DE EDICIÓN
Mención de edición 9a ed.
260 ## - PUBLICACIÓN, DISTRIBUCIÓN, ETC.
Lugar de publicación, distribución, etc. Estados Unidos de América :
Nombre del editor, distribuidor, etc. McGraw-Hill Education,
Fecha de publicación, distribución, etc.
300 ## - DESCRIPCIÓN FÍSICA
Extensión 817 p.
503 ## - NOTA DE HISTORIA BIBLIOGRÁFICA (BK CF MU) [OBSOLETO]
Nota de historia bibliográfica ej.1: 270837 \ ej.2: 270838 \ ej.3: 272158 \ ej.4: 272157 \ ej.5: 272156
650 ## - PUNTO DE ACCESO ADICIONAL DE MATERIA--TÉRMINO DE MATERIA
Término de materia o nombre geográfico como elemento de entrada Estadística
Subdivisión general
-- Libros de texto
9 (RLIN) 146193
901 ## - ELEMENTOS DE DATOS A LOCAL LDA (RLIN)
a 519.5 B58
902 ## - ELEMENTOS DE DATOS B LOCAL, LDB (RLIN)
a M
910 ## - DATOS DE OPCIÓN DEL USUARIO (OCLC)
Datos de opción del usuario
942 ## - ELEMENTOS DE PUNTO DE ACCESO ADICIONAL (KOHA)
Tipo de ítem Koha Libro_
942 ## - ELEMENTOS DE PUNTO DE ACCESO ADICIONAL (KOHA)
Tipo de ítem Koha
Holdings
Estado de retiro Estado de pérdida Fuente del sistema de clasificación o colocación Estado dañado No para préstamo Código de colección Localización permanente Ubicación/localización actual Ubicación en estantería Fecha de adquisición Código de barras Fecha visto por última vez Número de copia Precio válido a partir de Tipo de ítem Koha Total de préstamos Fecha del último préstamo
    Dewey Decimal Classification     General Zootecnia Zootecnia   27/03/2017 z_6763 18/01/2022 1 18/01/2022 Libro    
    Dewey Decimal Classification     General Zootecnia Zootecnia   27/03/2017 z_6764 18/01/2022 2 18/01/2022 Libro    
    Dewey Decimal Classification     General Zootecnia Zootecnia   13/09/2017 z_6984 18/01/2022 3 18/01/2022 Libro    
    Dewey Decimal Classification     General Zootecnia Zootecnia   13/09/2017 z_6985 15/04/2024 4 18/01/2022 Libro 1 15/04/2024
    Dewey Decimal Classification     General Zootecnia Zootecnia   13/09/2017 z_6986 18/01/2022 5 18/01/2022 Libro